| 000 | 00357nam a2200145Ia 4500 | ||
|---|---|---|---|
| 008 | 191201s2004 xx 000 0 und d | ||
| 082 |
_a677.310 _bGIW |
||
| 100 | _aGILLIGAN, Grant E | ||
| 245 | 0 | _aWoollen and Worsted Woven Fabric Design | |
| 250 | _a1st | ||
| 260 |
_aUSA _bWood Head Pub _c2004 |
||
| 300 | _a139 | ||
| 650 | _aB.Tech(TE) | ||
| 942 |
_2ddc _cBK |
||
| 999 |
_c4642 _d4642 |
||